[Event "Championship Moscow 2015 Seniors rapid"]
[Site "?"]
[Date "2015.11.29"]
[Round "3.19"]
[White "Paster, Arkady M."]
[Black "Kondratiev, Vissarion L."]
[Result "1-0"]
[BlackElo "1989"]
[WhiteElo "2082"]
[LiveChessVersion "1.4.6"]

1. d4 {[%clk 0:10:08]} d5 {[%clk 0:10:07]} 2. Nf3 {[%clk 0:10:11]} c5
{[%clk 0:10:08]} 3. dxc5 {[%clk 0:10:13]} e6 {[%clk 0:10:08]} 4. e3
{[%clk 0:10:09]} Bxc5 {[%clk 0:10:07]} 5. Nc3 {[%clk 0:10:06]} Nf6
{[%clk 0:10:07]} 6. Bd3 {[%clk 0:10:04]} Nc6 {[%clk 0:10:04]} 7. O-O
{[%clk 0:10:02]} O-O {[%clk 0:09:18]} 8. e4 {[%clk 0:09:47]} d4 {[%clk 0:08:51]}
9. Na4 {[%clk 0:09:50]} Bd6 {[%clk 0:08:54]} 10. c3 {[%clk 0:09:44]} e5
{[%clk 0:08:28]} 11. cxd4 {[%clk 0:09:42]} exd4 {[%clk 0:08:26]} 12. Bg5
{[%clk 0:09:41]} Bg4 {[%clk 0:07:52]} 13. h3 {[%clk 0:09:34]} Bh5
{[%clk 0:07:52]} 14. g4 {[%clk 0:09:25]} Bg6 {[%clk 0:07:48]} 15. Rc1
{[%clk 0:09:28]} Qe7 {[%clk 0:07:19]} 16. Re1 {[%clk 0:09:00]} Rad8
{[%clk 0:07:03]} 17. e5 {[%clk 0:08:54]} Nxe5 {[%clk 0:05:12]} 18. Nxe5
{[%clk 0:08:57]} Bxe5 {[%clk 0:04:51]} 19. f4 {[%clk 0:08:59]} Rd5
{[%clk 0:03:50]} 20. fxe5 {[%clk 0:08:15]} Rxe5 {[%clk 0:03:53]} 21. Bxg6
{[%clk 0:07:54]} fxg6 {[%clk 0:03:24]} 22. Nc5 {[%clk 0:07:08]} Qd6
{[%clk 0:02:30]} 23. Bxf6 {[%clk 0:06:42]} Rxc5 {[%clk 0:02:03]} 24. Qb3+
{[%clk 0:06:39]} Kh8 {[%clk 0:02:06]} 25. Rxc5 {[%clk 0:06:23]} Qxf6
{[%clk 0:01:37]} 26. Rc2 {[%clk 0:05:57]} h5 {[%clk 0:01:00]} 27. gxh5
{[%clk 0:05:44]} Qf5 {[%clk 0:00:50]} 28. Rg2 {[%clk 0:05:33]} d3
{[%clk 0:00:54]} 29. Qe6 {[%clk 0:05:01]} Qc5+ {[%clk 0:00:24]} 30. Qe3
{[%clk 0:04:42]} Qxh5 {[%clk 0:00:00]} 31. Qxd3 {[%clk 0:04:42]} Rf3
{[%clk 0:00:00]} 32. Qd8+ {[%clk 0:04:42]} Kh7 {[%clk 0:00:00]} 33. Re8
{[%clk 0:04:42]} Qc5+ {[%clk 0:00:00]} 34. Kh2 {[%clk 0:04:42]} 1-0

[Event "Championship Moscow 2015 Seniors rapid"]
[Site "?"]
[Date "2015.11.29"]
[Round "3.20"]
[White "Smirnov, Igor A."]
[Black "Archangelsky, Mikhail"]
[Result "0-1"]
[BlackElo "2080"]
[WhiteElo "1979"]
[LiveChessVersion "1.4.6"]

1. e4 e6 2. d4 d5 3. Nd2 c5 4. exd5 Qxd5 5. Ngf3 cxd4 6. Bc4 Qd6 7. O-O Nf6 8.
Nb3 Nc6 9. Nbxd4 Nxd4 10. Qxd4 Qxd4 11. Nxd4 Bd7 12. a4 Rc8 13. Bd3 Bc5 14. Nb3
Bd6 15. Rd1 Ke7 16. Bg5 h6 17. Bh4 Rhd8 18. c3 Bc6 19. Nd4 Bd5 20. Re1 Kf8 21.
Bg3 Bxg3 22. hxg3 Bc4 23. Bxc4 Rxc4 24. f3 g6 25. Kf2 h5 26. Re5 Rd5 27. Rxd5
Nxd5 28. Ke2 Ke7 29. Kd3 Rc8 30. a5 a6 31. Ra3 Kd6 32. b4 e5 33. Ne2 f5 34. Rb3
Nf6 35. b5 e4+ 36. Kd4 g5 37. c4 exf3 38. gxf3 h4 39. gxh4 gxh4 40. Nf4 Nd7 41.
Re3 Nc5 42. bxa6 bxa6 43. Kc3 Rb8 44. Kd4 Rb2 45. Re8 Rd2+ 46. Kc3 Rf2 0-1

[Event "Championship Moscow 2015 Seniors rapid"]
[Site "?"]
[Date "2015.11.29"]
[Round "4.1"]
[White "Hait, Alexander"]
[Black "Arkhipov, Sergey"]
[Result "0-1"]
[BlackElo "2507"]
[WhiteElo "2218"]
[LiveChessVersion "1.4.6"]

1. e4 {[%clk 0:10:08]} c5 {[%clk 0:10:07]} 2. Nf3 {[%clk 0:10:10]} e6
{[%clk 0:10:11]} 3. d4 {[%clk 0:10:14]} cxd4 {[%clk 0:10:15]} 4. Nxd4
{[%clk 0:10:18]} Nf6 {[%clk 0:10:18]} 5. Nc3 Nc6 6. Ndb5 {[%clk 0:10:24]} Bc5
{[%clk 0:10:24]} 7. Nd6+ {[%clk 0:07:11]} Ke7 {[%clk 0:10:28]} 8. Nxc8+
{[%clk 0:07:14]} Rxc8 {[%clk 0:10:31]} 9. Bd3 {[%clk 0:07:17]} Re8
{[%clk 0:09:40]} 10. O-O {[%clk 0:07:11]} Kf8 {[%clk 0:09:44]} 11. a3
{[%clk 0:06:55]} h6 {[%clk 0:09:34]} 12. Kh1 {[%clk 0:06:41]} d5 {[%clk 0:09:04]}
13. exd5 {[%clk 0:06:37]} Nxd5 {[%clk 0:09:07]} 14. Ne4 {[%clk 0:06:33]} Be7
{[%clk 0:09:11]} 15. Bd2 {[%clk 0:04:52]} a6 {[%clk 0:08:53]} 16. Qh5
{[%clk 0:04:08]} Nf6 {[%clk 0:08:49]} 17. Qh4 {[%clk 0:03:06]} Ne5
{[%clk 0:07:26]} 18. Bb4 {[%clk 0:01:00]} Nxd3 {[%clk 0:05:44]} 19. Bxe7+
{[%clk 0:00:41]} Qxe7 {[%clk 0:05:45]} 20. cxd3 {[%clk 0:00:44]} Rc2
{[%clk 0:05:31]} 21. Rab1 {[%clk 0:00:48]} Rd8 {[%clk 0:05:26]} 22. Qg3
{[%clk 0:00:43]} Nd5 {[%clk 0:04:48]} 23. Rfc1 {[%clk 0:00:43]} Qc7
{[%clk 0:04:22]} 24. Qxc7 {[%clk 0:00:39]} Rxc7 {[%clk 0:04:25]} 25. Rxc7
{[%clk 0:00:14]} Nxc7 {[%clk 0:04:29]} 26. Rd1 {[%clk 0:00:12]} Ke7
{[%clk 0:04:25]} 27. Kg1 {[%clk 0:00:16]} Nb5 {[%clk 0:04:25]} 28. f4
{[%clk 0:00:15]} Rc8 {[%clk 0:04:25]} 29. Rd2 {[%clk 0:00:19]} Nd4
{[%clk 0:04:20]} 30. Kf2 {[%clk 0:00:15]} Nb3 {[%clk 0:04:23]} 31. Re2
{[%clk 0:00:15]} Rc1 {[%clk 0:04:22]} 32. Nc3 {[%clk 0:00:17]} Nd4
{[%clk 0:04:13]} 33. Rd2 {[%clk 0:00:17]} f5 {[%clk 0:04:08]} 34. h3
{[%clk 0:00:16]} Kf6 {[%clk 0:04:05]} 35. Ne2 {[%clk 0:00:18]} Nxe2
{[%clk 0:03:56]} 36. Kxe2 {[%clk 0:00:20]} e5 {[%clk 0:03:54]} 37. fxe5+
{[%clk 0:00:18]} Kxe5 {[%clk 0:03:57]} 38. Ke3 {[%clk 0:00:07]} g5
{[%clk 0:03:57]} 39. d4+ {[%clk 0:00:00]} 0-1

[Event "Championship Moscow 2015 Seniors rapid"]
[Site "?"]
[Date "2015.11.29"]
[Round "4.2"]
[White "Zilbert, Oleg"]
[Black "Ageichenko, Genadi A"]
[Result "0-1"]
[BlackElo "2219"]
[WhiteElo "2357"]
[LiveChessVersion "1.4.6"]

1. e4 {[%clk 0:10:10]} e5 {[%clk 0:10:06]} 2. Nf3 {[%clk 0:10:13]} Nc6
{[%clk 0:10:10]} 3. Bb5 {[%clk 0:10:15]} Nf6 {[%clk 0:10:13]} 4. d3
{[%clk 0:10:19]} d6 {[%clk 0:10:04]} 5. c3 {[%clk 0:10:08]} Bd7 {[%clk 0:10:07]}
6. Ba4 {[%clk 0:10:02]} g6 {[%clk 0:10:10]} 7. Bb3 {[%clk 0:09:49]} Bg7
{[%clk 0:10:11]} 8. Bg5 {[%clk 0:09:44]} O-O {[%clk 0:10:04]} 9. Nbd2
{[%clk 0:09:42]} Re8 {[%clk 0:09:45]} 10. Nf1 {[%clk 0:08:49]} h6
{[%clk 0:09:17]} 11. Bh4 {[%clk 0:08:53]} Na5 {[%clk 0:09:17]} 12. Bc2
{[%clk 0:08:50]} c5 {[%clk 0:09:19]} 13. Ne3 {[%clk 0:08:49]} Nc6
{[%clk 0:08:53]} 14. Bb3 {[%clk 0:08:48]} Be6 {[%clk 0:08:40]} 15. Bxe6
{[%clk 0:08:12]} Rxe6 {[%clk 0:08:41]} 16. Bxf6 {[%clk 0:07:58]} Bxf6
{[%clk 0:08:35]} 17. Qb3 {[%clk 0:07:52]} Qb6 {[%clk 0:08:10]} 18. Nd5
{[%clk 0:07:45]} Qxb3 {[%clk 0:08:08]} 19. axb3 {[%clk 0:07:49]} Bd8
{[%clk 0:07:56]} 20. h4 {[%clk 0:07:39]} h5 {[%clk 0:07:53]} 21. Nd2
{[%clk 0:07:30]} Re8 {[%clk 0:07:30]} 22. Nc4 {[%clk 0:07:31]} Re6
{[%clk 0:07:14]} 23. g3 {[%clk 0:07:06]} b5 {[%clk 0:06:53]} 24. Nce3
{[%clk 0:07:11]} a6 {[%clk 0:06:20]} 25. Kd2 {[%clk 0:07:12]} Kf8
{[%clk 0:06:04]} 26. f4 {[%clk 0:06:35]} exf4 {[%clk 0:06:02]} 27. gxf4
{[%clk 0:06:39]} Re8 {[%clk 0:05:54]} 28. f5 {[%clk 0:06:23]} Ne5
{[%clk 0:05:51]} 29. Ke2 {[%clk 0:06:21]} Kg7 {[%clk 0:05:24]} 30. d4
{[%clk 0:06:14]} cxd4 31. cxd4 {[%clk 0:06:18]} Nc6 {[%clk 0:04:30]} 32. Kd3
{[%clk 0:06:22]} a5 {[%clk 0:04:08]} 33. fxg6 {[%clk 0:06:18]} fxg6
{[%clk 0:04:11]} 34. Rhg1 {[%clk 0:06:19]} Kh7 {[%clk 0:03:50]} 35. Raf1
{[%clk 0:06:14]} Ra7 {[%clk 0:03:53]} 36. Rf4 {[%clk 0:06:07]} a4
{[%clk 0:03:43]} 37. Nf6+ {[%clk 0:05:36]} Bxf6 {[%clk 0:03:43]} 38. Rxf6
{[%clk 0:05:40]} Nb4+ {[%clk 0:03:03]} 39. Kc3 {[%clk 0:05:43]} Na2+
{[%clk 0:03:07]} 40. Kd2 {[%clk 0:05:43]} Rxe4 {[%clk 0:03:10]} 41. Kd3
{[%clk 0:05:10]} Rxh4 {[%clk 0:02:04]} 42. Rgxg6 {[%clk 0:04:09]} Rh3
{[%clk 0:01:58]} 43. Rh6+ {[%clk 0:03:46]} Kg8 {[%clk 0:01:58]} 44. Rhg6+
{[%clk 0:03:32]} Rg7 {[%clk 0:01:56]} 45. Rxd6 {[%clk 0:03:20]} Nc1+
{[%clk 0:01:40]} 46. Ke4 {[%clk 0:03:14]} Nxb3 {[%clk 0:01:37]} 47. Rd8+
{[%clk 0:03:11]} Kh7 {[%clk 0:01:36]} 48. Rxg7+ {[%clk 0:03:11]} Kxg7
{[%clk 0:01:40]} 49. Nf5+ {[%clk 0:03:14]} Kf6 {[%clk 0:01:37]} 50. Rf8+
{[%clk 0:03:12]} Kg6 {[%clk 0:01:34]} 51. Ke5 {[%clk 0:03:08]} Rh2
{[%clk 0:01:28]} 52. Rg8+ {[%clk 0:03:01]} Kf7 {[%clk 0:01:32]} 53. Rg7+
{[%clk 0:02:38]} Kf8 {[%clk 0:01:31]} 54. Rb7 {[%clk 0:02:36]} Rf2
{[%clk 0:01:13]} 55. Kf6 {[%clk 0:02:28]} Ke8 {[%clk 0:01:15]} 56. Ke6
{[%clk 0:02:04]} Re2+ {[%clk 0:01:13]} 57. Kd5 {[%clk 0:02:01]} Rxb2
{[%clk 0:01:12]} 58. Nd6+ {[%clk 0:01:53]} Kf8 {[%clk 0:01:15]} 59. Rxb5
{[%clk 0:01:49]} a3 {[%clk 0:01:15]} 60. Rb8+ {[%clk 0:01:23]} Kg7
{[%clk 0:01:19]} 61. Nc4 {[%clk 0:01:21]} a2 {[%clk 0:01:21]} 62. Ra8
{[%clk 0:01:25]} Rg2 {[%clk 0:01:19]} 63. Ra7+ {[%clk 0:01:19]} Kf6
{[%clk 0:01:20]} 64. Ra6+ {[%clk 0:01:22]} Kg5 {[%clk 0:01:19]} 65. Ne5
{[%clk 0:01:26]} a1=Q {[%clk 0:01:17]} 66. Rg6+ Kf4 {[%clk 0:01:15]} 67. Rxg2
{[%clk 0:01:18]} Qxd4+ {[%clk 0:01:18]} 68. Ke6 {[%clk 0:01:21]} Qxe5+
{[%clk 0:01:22]} 0-1

[Event "Championship Moscow 2015 Seniors rapid"]
[Site "?"]
[Date "2015.11.29"]
[Round "4.3"]
[White "Hramtsov, Alexander"]
[Black "Voevodin, Vladimir"]
[Result "1/2-1/2"]
[BlackElo "2323"]
[WhiteElo "2189"]
[LiveChessVersion "1.4.6"]

1. g3 {[%clk 0:10:08]} d5 {[%clk 0:10:03]} 2. Bg2 {[%clk 0:10:11]} e5
{[%clk 0:10:05]} 3. c4 {[%clk 0:10:13]} dxc4 {[%clk 0:10:06]} 4. Na3
{[%clk 0:10:09]} Nf6 {[%clk 0:09:49]} 5. Nxc4 {[%clk 0:10:12]} Nc6
{[%clk 0:09:53]} 6. Bxc6+ {[%clk 0:10:05]} bxc6 {[%clk 0:09:57]} 7. Nxe5
{[%clk 0:10:08]} Qd5 {[%clk 0:09:55]} 8. Ngf3 {[%clk 0:10:10]} Bd6
{[%clk 0:09:53]} 9. Qb3 {[%clk 0:09:54]} O-O {[%clk 0:08:25]} 10. Qxd5
{[%clk 0:09:53]} cxd5 {[%clk 0:08:29]} 11. O-O {[%clk 0:09:17]} Re8
{[%clk 0:08:18]} 12. d4 {[%clk 0:09:19]} c5 {[%clk 0:07:56]} 13. Bf4
{[%clk 0:07:39]} Ba6 {[%clk 0:06:44]} 14. dxc5 {[%clk 0:07:14]} Bxc5
{[%clk 0:06:46]} 15. Nd3 {[%clk 0:07:00]} Bb6 {[%clk 0:06:31]} 16. Nfe5
{[%clk 0:06:01]} Ne4 {[%clk 0:06:01]} 17. Nd7 {[%clk 0:05:41]} Bd4
{[%clk 0:05:59]} 18. Be5 {[%clk 0:05:25]} Bxd3 {[%clk 0:05:30]} 19. exd3
{[%clk 0:05:21]} Bxe5 {[%clk 0:05:34]} 20. dxe4 {[%clk 0:05:00]} dxe4
{[%clk 0:04:53]} 21. Nxe5 {[%clk 0:04:53]} Rxe5 {[%clk 0:04:56]} 22. Rac1
{[%clk 0:04:53]} g5 {[%clk 0:04:19]} 23. Rfd1 {[%clk 0:04:48]} Rae8
{[%clk 0:04:09]} 24. Rc3 {[%clk 0:04:41]} Kg7 {[%clk 0:04:05]} 25. b4
{[%clk 0:04:19]} a5 {[%clk 0:03:59]} 26. a3 {[%clk 0:04:08]} axb4
{[%clk 0:04:02]} 27. axb4 {[%clk 0:04:12]} Rb8 {[%clk 0:04:03]} 28. Rb1
{[%clk 0:04:12]} Reb5 {[%clk 0:04:05]} 29. Rc4 {[%clk 0:04:02]} f5
{[%clk 0:04:09]} 30. g4 {[%clk 0:04:06]} Kf6 {[%clk 0:03:59]} 31. gxf5
{[%clk 0:04:07]} Kxf5 {[%clk 0:04:03]} 32. Kg2 {[%clk 0:03:48]} h5
{[%clk 0:04:00]} 33. Rd1 {[%clk 0:03:41]} Rxb4 {[%clk 0:03:30]} 34. Rd5+
{[%clk 0:03:43]} Kf4 {[%clk 0:03:12]} 35. Rcc5 {[%clk 0:03:24]} Rg8
{[%clk 0:02:28]} 36. h3 {[%clk 0:03:12]} e3 {[%clk 0:02:24]} 37. Rf5+ Ke4 38.
Rce5+ Kd4 39. Rxe3 {[%clk 0:02:59]} Rb7 {[%clk 0:02:13]} 40. Ree5
{[%clk 0:02:53]} Rbg7 {[%clk 0:02:16]} 1/2-1/2

[Event "Championship Moscow 2015 Seniors rapid"]
[Site "?"]
[Date "2015.11.29"]
[Round "4.4"]
[White "Balashov, Yuri S"]
[Black "Skorodumov, Vladimir"]
[Result "1/2-1/2"]
[BlackElo "2234"]
[WhiteElo "2385"]
[LiveChessVersion "1.4.6"]

1. e4 {[%clk 0:10:07]} c5 {[%clk 0:10:09]} 2. Nf3 {[%clk 0:10:08]} g6
{[%clk 0:10:12]} 3. c4 {[%clk 0:10:11]} Nc6 {[%clk 0:08:23]} 4. d4
{[%clk 0:10:14]} cxd4 {[%clk 0:08:19]} 5. Nxd4 {[%clk 0:10:18]} Bg7
{[%clk 0:08:10]} 6. Be3 {[%clk 0:10:21]} Nf6 {[%clk 0:08:04]} 7. Nc3
{[%clk 0:10:24]} O-O {[%clk 0:08:05]} 8. Be2 {[%clk 0:10:26]} d6 {[%clk 0:08:04]}
9. O-O {[%clk 0:10:28]} Bd7 {[%clk 0:08:06]} 10. h3 {[%clk 0:09:54]} Nxd4
{[%clk 0:08:03]} 11. Bxd4 {[%clk 0:09:57]} Bc6 {[%clk 0:08:07]} 12. Qd3
{[%clk 0:09:51]} a5 {[%clk 0:08:02]} 13. Rfd1 {[%clk 0:09:51]} a4
{[%clk 0:07:54]} 14. Qe3 {[%clk 0:09:37]} Nd7 {[%clk 0:07:23]} 15. Bxg7
{[%clk 0:09:28]} Kxg7 {[%clk 0:07:27]} 16. b4 {[%clk 0:09:21]} axb3
{[%clk 0:07:23]} 17. axb3 {[%clk 0:09:25]} Qb6 {[%clk 0:06:31]} 18. Qxb6
{[%clk 0:09:27]} Nxb6 {[%clk 0:06:35]} 19. f3 {[%clk 0:09:28]} Rxa1
{[%clk 0:05:58]} 20. Rxa1 {[%clk 0:09:31]} Ra8 {[%clk 0:06:03]} 21. Rxa8 Nxa8
{[%clk 0:06:07]} 22. Kf2 {[%clk 0:09:29]} Nc7 {[%clk 0:05:39]} 23. Ke3
{[%clk 0:09:30]} Na6 {[%clk 0:05:15]} 24. Kd2 {[%clk 0:08:46]} Kf8
{[%clk 0:05:15]} 25. Nd1 {[%clk 0:08:39]} Ke8 {[%clk 0:04:45]} 26. Kc3 Nc5
{[%clk 0:04:45]} 27. b4 {[%clk 0:08:29]} Ne6 {[%clk 0:04:48]} 28. Ne3
{[%clk 0:08:29]} b6 {[%clk 0:04:33]} 29. h4 {[%clk 0:08:32]} f6 {[%clk 0:04:19]}
30. g3 {[%clk 0:08:32]} Nc7 {[%clk 0:04:19]} 31. Bd3 {[%clk 0:08:22]} Kf7
{[%clk 0:04:11]} 32. f4 {[%clk 0:08:24]} e5 {[%clk 0:04:15]} 33. f5
{[%clk 0:08:23]} Bd7 {[%clk 0:04:07]} 34. g4 {[%clk 0:08:25]} h6 {[%clk 0:03:51]}
35. fxg6+ {[%clk 0:07:13]} Kxg6 {[%clk 0:03:56]} 36. Be2 {[%clk 0:07:10]} Be6
{[%clk 0:03:39]} 37. Nf5 {[%clk 0:06:53]} Bxf5 {[%clk 0:03:34]} 38. exf5+
{[%clk 0:06:56]} Kf7 {[%clk 0:03:31]} 39. Bf3 {[%clk 0:06:59]} Ke7
{[%clk 0:03:31]} 40. Bc6 {[%clk 0:07:02]} Kf7 {[%clk 0:03:03]} 41. c5
{[%clk 0:06:02]} bxc5 {[%clk 0:02:58]} 42. bxc5 {[%clk 0:06:06]} d5
{[%clk 0:03:01]} 43. Kb4 {[%clk 0:06:10]} Ke7 {[%clk 0:02:56]} 44. Ka5
{[%clk 0:06:13]} e4 {[%clk 0:02:57]} 45. Kb4 {[%clk 0:06:11]} Na6+
{[%clk 0:02:56]} 46. Kc3 {[%clk 0:06:15]} Nxc5 {[%clk 0:02:58]} 47. Bxd5
{[%clk 0:06:19]} Kd6 {[%clk 0:03:02]} 48. Kd4 {[%clk 0:06:20]} Na4
{[%clk 0:03:04]} 49. Bxe4 {[%clk 0:06:22]} Nc5 {[%clk 0:03:03]} 50. Bd5
{[%clk 0:06:24]} Nd7 {[%clk 0:03:04]} 51. Bc4 {[%clk 0:06:20]} Nc5
{[%clk 0:03:08]} 52. Be2 {[%clk 0:06:16]} Nb3+ {[%clk 0:03:10]} 53. Ke4 Nc5+
{[%clk 0:03:03]} 1/2-1/2

[Event "Championship Moscow 2015 Seniors rapid"]
[Site "?"]
[Date "2015.11.29"]
[Round "4.5"]
[White "Kuindzhy, Alexander"]
[Black "Bogumil, Pavel"]
[Result "1-0"]
[BlackElo "2211"]
[WhiteElo "2317"]
[LiveChessVersion "1.4.6"]

1. e4 {[%clk 0:10:07]} c6 {[%clk 0:10:08]} 2. d4 {[%clk 0:10:10]} d5
{[%clk 0:10:11]} 3. exd5 {[%clk 0:10:13]} cxd5 {[%clk 0:10:15]} 4. Bd3
{[%clk 0:10:17]} Nc6 {[%clk 0:10:13]} 5. c3 {[%clk 0:10:21]} Nf6 {[%clk 0:10:15]}
6. Bf4 {[%clk 0:10:22]} Bg4 {[%clk 0:10:13]} 7. Qb3 {[%clk 0:10:16]} Qc8
{[%clk 0:09:39]} 8. Nd2 {[%clk 0:10:14]} e6 {[%clk 0:09:42]} 9. Ngf3
{[%clk 0:10:12]} Bxf3 {[%clk 0:09:41]} 10. Nxf3 {[%clk 0:10:11]} Be7
{[%clk 0:09:42]} 11. O-O {[%clk 0:10:03]} O-O {[%clk 0:09:44]} 12. h3
{[%clk 0:09:45]} a6 {[%clk 0:09:43]} 13. Rfe1 {[%clk 0:09:37]} b5
{[%clk 0:09:39]} 14. Ne5 {[%clk 0:09:28]} Nxe5 {[%clk 0:08:34]} 15. Bxe5
{[%clk 0:09:26]} Qc6 {[%clk 0:08:16]} 16. a4 {[%clk 0:09:13]} bxa4
{[%clk 0:07:03]} 17. Rxa4 {[%clk 0:08:46]} Nd7 {[%clk 0:06:08]} 18. Bg3
{[%clk 0:08:00]} Bd6 {[%clk 0:05:59]} 19. Bxd6 {[%clk 0:07:25]} Qxd6
{[%clk 0:06:01]} 20. Rea1 {[%clk 0:07:25]} Rab8 {[%clk 0:03:46]} 21. Qc2
{[%clk 0:07:14]} g6 {[%clk 0:03:51]} 22. Rxa6 {[%clk 0:07:07]} Qf4
{[%clk 0:03:55]} 23. g3 {[%clk 0:06:34]} Qc7 {[%clk 0:03:34]} 24. Ra7
{[%clk 0:05:50]} Rb7 {[%clk 0:03:26]} 25. Rxb7 Qxb7 {[%clk 0:03:33]} 26. h4
{[%clk 0:05:36]} e5 27. dxe5 {[%clk 0:04:44]} Nxe5 {[%clk 0:03:37]} 28. Bf1
{[%clk 0:04:41]} Rb8 {[%clk 0:02:26]} 29. b4 {[%clk 0:03:59]} d4 {[%clk 0:01:40]}
30. Bg2 {[%clk 0:02:46]} Qc7 {[%clk 0:01:40]} 31. Ra5 {[%clk 0:02:36]} dxc3
{[%clk 0:01:25]} 32. Rc5 {[%clk 0:02:24]} Qd6 {[%clk 0:01:17]} 33. Qxc3
{[%clk 0:02:06]} Qd1+ {[%clk 0:01:17]} 34. Bf1 {[%clk 0:02:05]} Nf3+
{[%clk 0:01:08]} 35. Kg2 {[%clk 0:02:05]} Ne1+ {[%clk 0:01:03]} 36. Kh3
{[%clk 0:01:50]} Nc2 {[%clk 0:00:28]} 37. Bg2 {[%clk 0:00:44]} Qd7+
{[%clk 0:00:31]} 38. Kh2 {[%clk 0:00:41]} Nxb4 {[%clk 0:00:34]} 39. Rc4
{[%clk 0:00:33]} Qe7 {[%clk 0:00:33]} 40. Rc7 {[%clk 0:00:18]} Qf8
{[%clk 0:00:18]} 41. Qc4 {[%clk 0:00:20]} h5 {[%clk 0:00:19]} 42. Be4
{[%clk 0:00:22]} Kg7 {[%clk 0:00:11]} 43. Qd4+ {[%clk 0:00:26]} Kh6
{[%clk 0:00:10]} 44. Bxg6 Kxg6 {[%clk 0:00:08]} 45. Qe4+ {[%clk 0:00:18]} Kg7
{[%clk 0:00:06]} 46. Qe5+ {[%clk 0:00:23]} Kg8 {[%clk 0:00:00]} 47. Qxh5
{[%clk 0:00:23]} Rb6 1-0

[Event "Championship Moscow 2015 Seniors rapid"]
[Site "?"]
[Date "2015.11.29"]
[Round "4.6"]
[White "Andreev, Viktor B."]
[Black "Bakhtin, Vladimir A."]
[Result "0-1"]
[BlackElo "2250"]
[WhiteElo "2184"]
[LiveChessVersion "1.4.6"]

1. c4 {[%clk 0:10:09]} Nf6 {[%clk 0:09:45]} 2. Nc3 {[%clk 0:10:12]} c6
{[%clk 0:09:14]} 3. d4 {[%clk 0:10:12]} d5 {[%clk 0:09:18]} 4. Nf3
{[%clk 0:10:14]} dxc4 {[%clk 0:09:13]} 5. a4 {[%clk 0:10:18]} Bg4
{[%clk 0:08:52]} 6. Ne5 {[%clk 0:10:17]} Bh5 {[%clk 0:08:38]} 7. Nxc4
{[%clk 0:10:00]} Nbd7 {[%clk 0:07:52]} 8. f3 {[%clk 0:09:51]} Nb6
{[%clk 0:07:39]} 9. e4 {[%clk 0:09:47]} e6 {[%clk 0:07:28]} 10. Be3
{[%clk 0:09:36]} Bb4 {[%clk 0:07:26]} 11. Qb3 {[%clk 0:09:22]} Qe7
{[%clk 0:07:08]} 12. Be2 {[%clk 0:08:34]} O-O {[%clk 0:07:11]} 13. O-O
{[%clk 0:08:30]} Bxc3 {[%clk 0:07:08]} 14. bxc3 {[%clk 0:08:31]} Nxe4
{[%clk 0:05:45]} 15. Nxb6 {[%clk 0:08:20]} axb6 {[%clk 0:05:46]} 16. Bd3
{[%clk 0:07:56]} Nf6 {[%clk 0:05:20]} 17. c4 {[%clk 0:07:40]} Qc7
{[%clk 0:04:56]} 18. Rfb1 {[%clk 0:07:27]} Nd7 {[%clk 0:04:59]} 19. a5
{[%clk 0:07:20]} Rxa5 {[%clk 0:03:07]} 20. Rxa5 {[%clk 0:07:24]} bxa5
{[%clk 0:03:11]} 21. Qxb7 {[%clk 0:07:28]} Qd6 {[%clk 0:02:30]} 22. Bf1
{[%clk 0:06:40]} Rb8 {[%clk 0:02:27]} 23. Bd3 Rf8 24. Qa6 Nc5 25. Qb7 Nd7 26. Be4
Rb8 27. Qa6 Rxb1+ 28. Bxb1 Bg6 29. Bxg6 0-1

[Event "Championship Moscow 2015 Seniors rapid"]
[Site "?"]
[Date "2015.11.29"]
[Round "4.7"]
[White "Shvedchikov, Anatoli I."]
[Black "Chernov, Yury"]
[Result "1-0"]
[BlackElo "2165"]
[WhiteElo "2293"]
[LiveChessVersion "1.4.6"]

1. c4 e5 2. Nc3 Nc6 3. Nf3 d6 4. d4 Bg4 5. d5 Nce7 6. Qb3 b6 7. e4 g6 8. Be2 Bd7
9. h4 h6 10. h5 g5 11. Qd1 f5 12. Nh2 Nf6 13. exf5 Bxf5 14. Ng4 Nxg4 15. Bxg4 Qd7
16. Bxf5 Nxf5 17. Ne4 Bg7 18. Qg4 Nd4 19. Qxd7+ Kxd7 20. Kd2 c5 21. Kd3 b5 22.
cxb5 Nxb5 23. Be3 Rab8 24. b3 Nc7 25. Rad1 Rb4 26. Nc3 Re8 27. f3 a5 28. Kc2 Ra8
29. a3 Rbb8 30. a4 Rb4 31. Na2 Rb7 32. Rd3 Rab8 33. Bc1 Na6 34. Re1 Nb4+ 35. Nxb4
Rxb4 36. Bd2 Rh4 37. g4 Ra8 38. Re2 Bf6 39. Be1 Rh1 40. Rde3 Rf1 41. Kd3 Be7 42.
Ke4 Rg1 43. Kf5 Rf8+ 44. Kg6 Rf6+ 45. Kg7 Rf1 46. Rf2 Rxf2 47. Bxf2 e4 48. Rxe4
Rxf3 49. Be3 Bf8+ 50. Kg6 Rf1 51. Bd2 Rf3 52. Bxa5 Rxb3 53. Re2 Rf3 54. Be1 Be7
55. Kxh6 Rf6+ 56. Kg7 Rf4 57. Ra2 Rxg4 58. a5 Rd4 59. a6 1-0

[Event "Championship Moscow 2015 Seniors rapid"]
[Site "?"]
[Date "2015.11.29"]
[Round "4.8"]
[White "Tsarev, Valery"]
[Black "Paster, Arkady M."]
[Result "1-0"]
[BlackElo "2082"]
[WhiteElo "2270"]
[LiveChessVersion "1.4.6"]

1. e4 {[%clk 0:10:07]} c5 {[%clk 0:10:08]} 2. Nf3 {[%clk 0:10:11]} Nc6
{[%clk 0:10:12]} 3. d4 {[%clk 0:10:14]} cxd4 {[%clk 0:10:14]} 4. Nxd4
{[%clk 0:10:17]} Nf6 {[%clk 0:10:16]} 5. Nc3 {[%clk 0:10:20]} e6 {[%clk 0:10:17]}
6. Nxc6 {[%clk 0:10:08]} bxc6 {[%clk 0:10:20]} 7. Bd3 {[%clk 0:10:12]} Qc7
{[%clk 0:10:01]} 8. O-O {[%clk 0:10:14]} d5 {[%clk 0:09:57]} 9. Qe2
{[%clk 0:10:09]} dxe4 {[%clk 0:09:50]} 10. Nxe4 {[%clk 0:10:13]} Be7
{[%clk 0:09:32]} 11. b3 {[%clk 0:10:01]} Nxe4 {[%clk 0:09:33]} 12. Bxe4
{[%clk 0:09:54]} Bf6 {[%clk 0:09:34]} 13. Rb1 {[%clk 0:09:49]} O-O
{[%clk 0:09:37]} 14. c4 {[%clk 0:09:49]} Rb8 {[%clk 0:09:36]} 15. Qf3
{[%clk 0:08:59]} Bb7 {[%clk 0:09:35]} 16. Be3 {[%clk 0:08:47]} Ba8
{[%clk 0:09:32]} 17. Rfd1 {[%clk 0:08:42]} Rbd8 {[%clk 0:09:27]} 18. Bf4
{[%clk 0:08:38]} Be5 {[%clk 0:08:49]} 19. Bxe5 {[%clk 0:08:29]} Qxe5
{[%clk 0:08:53]} 20. Bxc6 {[%clk 0:08:21]} Bxc6 {[%clk 0:08:55]} 21. Qxc6
{[%clk 0:08:24]} Rxd1+ {[%clk 0:08:53]} 22. Rxd1 {[%clk 0:08:28]} Qe2
{[%clk 0:08:56]} 23. Qf3 {[%clk 0:08:23]} Qxa2 {[%clk 0:08:54]} 24. g3
{[%clk 0:08:11]} h6 {[%clk 0:08:53]} 25. Rd7 {[%clk 0:08:10]} a5 {[%clk 0:08:47]}
26. c5 {[%clk 0:08:10]} a4 {[%clk 0:08:26]} 27. bxa4 {[%clk 0:08:11]} Qxa4
{[%clk 0:08:30]} 28. c6 {[%clk 0:08:13]} f5 {[%clk 0:08:01]} 29. Qc3
{[%clk 0:08:06]} 1-0